We Can't Dance (Record n. 101619)

Dettagli MARC
000 -LEADER
fixed length control field 01113njm a2200301Ia 4500
001 - CONTROL NUMBER
control field A5944
003 - CONTROL NUMBER IDENTIFIER
control field IT-RoPAU
005 - DATE AND TIME OF LATEST TRANSACTION
control field 20220918181146.0
008 - FIXED-LENGTH DATA ELEMENTS--GENERAL INFORMATION
fixed length control field 131025s9999 xx 000 0 und d
040 ## - CATALOGING SOURCE
Original cataloging agency IT-RoPAU
040 ## - CATALOGING SOURCE
Transcribing agency IT-RoPAU
041 ## - LANGUAGE CODE
Language code of text/sound track or separate title INGLESE
999 ## - SYSTEM CONTROL NUMBERS (KOHA)
Koha Dewey Subclass [OBSOLETE] n.d.
100 ## - MAIN ENTRY--PERSONAL NAME
Personal name Genesis
9 (RLIN) 2395
100 ## - MAIN ENTRY--PERSONAL NAME
Relator term Autore musica
9 (RLIN) 28296
100 ## - MAIN ENTRY--PERSONAL NAME
Miscellaneous information Codice autore musica SPICS: 10916
9 (RLIN) 2397
245 ## - TITLE STATEMENT
Title We Can't Dance
250 ## - EDITION STATEMENT
Edition statement 1a ed.
260 ## - PUBLICATION, DISTRIBUTION, ETC. (IMPRINT)
Place of publication, distribution, etc. LONDON
260 ## - PUBLICATION, DISTRIBUTION, ETC. (IMPRINT)
Name of publisher, distributor, etc. VIRGIN RECORDS
Date of publication, distribution, etc. 1991 [1a Ed.:1991 - Ed. Lingua Orig.: 1991]
300 ## - PHYSICAL DESCRIPTION
Extent COMPACT DISC
500 ## - GENERAL NOTE
General note Musica rock.
505 ## - FORMATTED CONTENTS NOTE
Formatted contents note No Son of Mine - Jesus He Knows Me - Driving the Last Spike - I Can't Dance - Never A Time - Dreaming While You Sleep - Tell Me Why - Living Forever - Hold On My Heart - Way of the World - Since I Lost You - Fading Lights
650 ## - SUBJECT ADDED ENTRY--TOPICAL TERM
Topical term or geographic name as entry element ROCK [COMPACT DISC]
Relator term Codice MATERIA SPICS: 9949
9 (RLIN) 28297
700 ## - ADDED ENTRY--PERSONAL NAME
Personal name Genesis
Relator term Autore testo e musica
Miscellaneous information Codice autore testo/musica SPICS: 10916
9 (RLIN) 28298
700 ## - ADDED ENTRY--PERSONAL NAME
Personal name Genesis
Miscellaneous information Codice interprete SPICS: 10916
Relator term Interprete
9 (RLIN) 28299
942 ## - ADDED ENTRY ELEMENTS (KOHA)
Koha item type CD AUDIO
Source of classification or shelving scheme Dewey Decimal Classification
Dati di copia
Withdrawn status Lost status Damaged status Not for loan Home library Current library Date acquired Total Checkouts Full call number Date last seen Price effective from Koha item type Public note
    Buone Condizioni Not For Loan SPICS-MEDIATECA SPICS-MEDIATECA 25/10/2013   A5944 25/10/2013 25/10/2013 CD AUDIO Progr. Ins.: 324 / N.Vol.: 1 / Copie: 1 - Copia rara: n.d. / date import: 01.01.2014 - By Epidotti, Trombetti, Vaglietti
CREDITS: SOCIETA' SAN PAOLO Via A.Severo, 58 - ROMA (RM) & PERIODICI SAN PAOLO SRL Via Giotto, 36 MILANO & CISF Via Giotto, 36 MILANO & EDIZIONI SAN PAOLO SRL,  Piazza Soncino, 5 CINISELLO BALSAMO (MI) -- ITALY